ロード中...
Budgetary control /
| 第一著者: | |
|---|---|
| フォーマット: | Printed Book |
| 言語: | English |
| 出版事項: |
London :
English Univrsities,
1972.
|
| LEADER | 00485nam a22001457a 4500 | ||
|---|---|---|---|
| 008 | 160726b xxu||||| |||| 00| 0 eng d | ||
| 999 | |c 157714 |d 157714 | ||
| 020 | |a . | ||
| 082 | |a 658.154 | ||
| 100 | |a Boland, R. G. A. | ||
| 245 | |a Budgetary control / |c R. G. A. Boland | ||
| 260 | |b English Univrsities, |c 1972. |a London : | ||
| 300 | |a 184 p. | ||
| 942 | |c BK | ||
| 952 | |0 0 |1 0 |4 0 |6 658_154000000000000_BOL_B |7 0 |9 171013 |a CMS |b CMS |c ST1 |d 2016-07-26 |i 3450 |l 0 |o 658.154 BOL/B |p CMS3450 |r 2016-07-26 |w 2016-07-26 |y BK | ||